000
00325nam a2200145Ia 4500
005
20251222153523.0
008
251222s9999||||xx |||||||||||||| ||spa||
020
_a
9788401352560
082
_a
800/T33
100
_a
Tejera Osuna, Macu
245
0
_a
Amapola
250
_a
1ra.ed.
264
_b
Plaza & Jamés
942
_c
LIB
999
_c
29783
_d
29783